[Event "XII. DBMM Schach"]
[Site "Berlin"]
[Date "2012.10.14"]
[Round "7.1"]
[White "Seger, Ruediger"]
[Black "Lubbe, Nikolas"]
[Result "1/2-1/2"]
[WhiteElo "2390"]
[BlackElo "2406"]
[Annotator "br"]
[PlyCount "62"]
[EventDate "2012.??.??"]
[Source "FV Schach e.V."]
[SourceDate "2012.10.14"]
[WhiteTeam "Deutsche Post Bonn"]
[BlackTeam "KPMG AG Frankfurt"]
[WhiteTeamCountry "GER"]
[BlackTeamCountry "GER"]

1. e4 d5 2. exd5 Qxd5 3. Nc3 Qa5 4. d4 Nf6 5. Nf3 Bf5 6. Ne5 c6 7. Bc4 e6 8.
Qe2 Bb4 9. Bd2 Nbd7 10. Nxd7 Nxd7 11. a3 Nf6 12. O-O Bxc3 13. Bxc3 Qc7 14. b4
Nd5 15. Bd2 O-O 16. Bb3 Rad8 17. g3 Nf6 18. Bf4 Qb6 19. c3 Rd7 20. Rfd1 Qd8 21.
Rac1 Bg6 22. f3 Nd5 23. Bd2 Qf6 24. Kg2 h6 25. c4 Nb6 26. Bc3 Qd8 27. Qb2 f6
28. a4 Bf7 29. a5 Nc8 30. Re1 Ne7 31. Rcd1 Re8 1/2-1/2

[Event "XII. DBMM Schach"]
[Site "Berlin"]
[Date "2012.10.14"]
[Round "7.2"]
[White "Ohme, Melanie"]
[Black "Stanetzek, Carsten"]
[Result "1/2-1/2"]
[WhiteElo "2337"]
[BlackElo "2245"]
[Annotator "br"]
[PlyCount "54"]
[EventDate "2012.??.??"]
[Source "FV Schach e.V."]
[SourceDate "2012.10.14"]
[WhiteTeam "KPMG AG Frankfurt"]
[BlackTeam "Deutsche Post Bonn"]
[WhiteTeamCountry "GER"]
[BlackTeamCountry "GER"]

1. e4 e5 2. Nc3 Nf6 3. g3 d5 4. exd5 Nxd5 5. Bg2 Nxc3 6. bxc3 Bc5 7. Ne2 O-O 8.
d4 Bb6 9. O-O Qf6 10. Be3 Nc6 11. Qd2 Re8 12. Rab1 Bg4 13. d5 Na5 14. Rb4 Bf3
15. c4 Bxg2 16. Kxg2 Qe7 17. Ra4 Bxe3 18. fxe3 b6 19. Qc3 Nb7 20. Rb4 Nc5 21.
Rbb1 Rf8 22. Ng1 f5 23. Rbe1 Rae8 24. Nf3 a5 25. Nd2 Qg5 26. Rf3 g6 27. Re2 Qg4
1/2-1/2

[Event "XII. DBMM Schach"]
[Site "Berlin"]
[Date "2012.10.14"]
[Round "7.3"]
[White "Gikas, Andreas Basilius"]
[Black "Knickel, Aaron"]
[Result "1/2-1/2"]
[WhiteElo "2210"]
[BlackElo "2190"]
[Annotator "br"]
[PlyCount "43"]
[EventDate "2012.??.??"]
[Source "FV Schach e.V."]
[SourceDate "2012.10.14"]
[WhiteTeam "Deutsche Post Bonn"]
[BlackTeam "KPMG AG Frankfurt"]
[WhiteTeamCountry "GER"]
[BlackTeamCountry "GER"]

1. e4 g6 2. d4 d6 3. Nc3 Bg7 4. f4 a6 5. Nf3 b5 6. Bd3 Nd7 7. e5 c5 8. Be4 Rb8
9. Qe2 e6 10. d5 dxe5 11. dxe6 fxe6 12. O-O Nh6 13. Nxe5 Nxe5 14. fxe5 Qc7 15.
Bxh6 Bxh6 16. Qf3 Rf8 17. Qg4 Rf7 18. Rxf7 Qxf7 19. Bc6+ Kf8 20. Ne4 Kg7 21.
Rd1 Rb6 22. Nd6 1/2-1/2

[Event "XII. DBMM Schach"]
[Site "Berlin"]
[Date "2012.10.14"]
[Round "7.4"]
[White "De Visser, Leon"]
[Black "Dehmel, Jens"]
[Result "1/2-1/2"]
[WhiteElo "2146"]
[BlackElo "2064"]
[Annotator "br"]
[PlyCount "36"]
[EventDate "2012.??.??"]
[Source "FV Schach e.V."]
[SourceDate "2012.10.14"]
[WhiteTeam "KPMG AG Frankfurt"]
[BlackTeam "Deutsche Post Bonn"]
[WhiteTeamCountry "GER"]
[BlackTeamCountry "GER"]

1. c4 c6 2. e4 d5 3. cxd5 cxd5 4. exd5 Nf6 5. Nc3 Nxd5 6. Nf3 e6 7. d4 Be7 8.
Bc4 O-O 9. O-O Nxc3 10. bxc3 Qc7 11. Qe2 b6 12. Re1 Bb7 13. Ne5 Nd7 14. Nxd7
Qxd7 15. Bb2 Rac8 16. Bb3 Bf6 17. Rad1 Rfd8 18. f3 b5 1/2-1/2

[Event "XII. DBMM Schach"]
[Site "Berlin"]
[Date "2012.10.14"]
[Round "7.1"]
[White "Kalinitschew, Sergej"]
[Black "Hohlfeld, Wolfgang"]
[Result "1/2-1/2"]
[WhiteElo "2387"]
[BlackElo "2134"]
[Annotator "br"]
[PlyCount "72"]
[EventDate "2012.??.??"]
[Source "FV Schach e.V."]
[SourceDate "2012.10.14"]
[WhiteTeam "SV Senat Berlin"]
[BlackTeam "Baubehoerde Hamburg"]
[WhiteTeamCountry "GER"]
[BlackTeamCountry "GER"]

1. d4 d5 2. c4 dxc4 3. e3 e5 4. Bxc4 exd4 5. exd4 Nf6 6. Nf3 Be7 7. O-O O-O 8.
Nc3 Nbd7 9. Re1 Nb6 10. Bb3 c6 11. Ne5 Nbd5 12. Qf3 Be6 13. Bg5 Re8 14. Rad1
Qd6 15. h4 Nxc3 16. Bxe6 Qxe6 17. bxc3 Qxa2 18. c4 Qa3 19. Rd3 Qd6 20. h5 h6
21. Bc1 Rad8 22. g4 c5 23. d5 b5 24. Bf4 bxc4 25. Nxf7 Qb6 26. Re6 Qxe6 27.
dxe6 Rxd3 28. Qc6 c3 29. Ne5 Rd6 30. Qb5 Rxe6 31. Qc4 Bd6 32. Ng6 Kh7 33. Qd3
Re1+ 34. Kg2 Bxf4 35. Nxf4+ Kh8 36. Qxc3 Kh7 {Rest unleserlich.} 1/2-1/2

[Event "XII. DBMM Schach"]
[Site "Berlin"]
[Date "2012.10.14"]
[Round "7.2"]
[White "Hedden, Helge"]
[Black "Kachibadze, Georg"]
[Result "1/2-1/2"]
[WhiteElo "2073"]
[BlackElo "2298"]
[Annotator "br"]
[PlyCount "22"]
[EventDate "2012.??.??"]
[Source "FV Schach e.V."]
[SourceDate "2012.10.14"]
[WhiteTeam "Baubehoerde Hamburg"]
[BlackTeam "SV Senat Berlin"]
[WhiteTeamCountry "GER"]
[BlackTeamCountry "GER"]

1. c4 e6 2. d4 Nf6 3. g3 d5 4. Bg2 Be7 5. Nf3 O-O 6. O-O c6 7. Nbd2 b6 8. b3
Bb7 9. Bb2 Nbd7 10. Rc1 c5 11. cxd5 Nxd5 1/2-1/2

[Event "XII. DBMM Schach"]
[Site "Berlin"]
[Date "2012.10.14"]
[Round "7.3"]
[White "Gallien, Fabian"]
[Black "Hein, Ralf"]
[Result "1-0"]
[WhiteElo "2047"]
[BlackElo "2194"]
[Annotator "br"]
[PlyCount "135"]
[EventDate "2012.??.??"]
[Source "FV Schach e.V."]
[SourceDate "2012.10.14"]
[WhiteTeam "SV Senat Berlin"]
[BlackTeam "Baubehoerde Hamburg"]
[WhiteTeamCountry "GER"]
[BlackTeamCountry "GER"]

1. d4 d5 2. Nf3 Nf6 3. Bf4 g6 4. Nc3 c6 5. Qd2 h5 6. e3 Bg7 7. Bd3 Nbd7 8. Ne5
h4 9. Nxd7 Bxd7 10. h3 Qc8 11. Be5 Bf5 12. Qe2 Nh5 13. Bxg7 Nxg7 14. e4 dxe4
15. Nxe4 Qe6 16. O-O Bxe4 17. Bxe4 f5 18. Bf3 Qxe2 19. Bxe2 O-O-O 20. Rad1 Ne6
21. c3 Nf4 22. Rfe1 e5 23. Bf1 exd4 24. cxd4 Rhe8 25. Rxe8 Rxe8 26. g3 hxg3 27.
fxg3 Nd5 28. Kf2 Kc7 29. a3 Kd6 30. Rd3 Nf6 31. Rd1 Ne4+ 32. Kg2 Ng5 33. h4 Nf7
34. Bc4 Nh6 35. Kf3 Re4 36. Rd3 b5 37. Bb3 a5 38. a4 b4 39. Bc4 Re7 40. Kf4 Ng4
41. Kg5 Ne3 42. Bb3 Re4 43. Kf6 f4 44. gxf4 Rxf4+ 45. Kxg6 Rg4+ 46. Kh5 Re4 47.
Kg5 Ke7 48. Bd1 Re6 49. h5 Kf8 50. Bb3 Re4 51. h6 Rg4+ 52. Kh5 Rg3 53. Be6 Ke7
54. Kh4 Rf3 55. Rxe3 Rxe3 56. h7 Kxe6 57. h8=Q Re4+ 58. Kg3 Kd5 59. Kf3 Rxd4
60. Ke3 c5 61. Qg8+ Kc6 62. Qe8+ Kb6 63. Qb8+ Kc6 64. Qb5+ Kd5 65. Qxa5 Re4+
66. Kd3 Rd4+ 67. Kc2 Rc4+ 68. Kb3 1-0

[Event "XII. DBMM Schach"]
[Site "Berlin"]
[Date "2012.10.14"]
[Round "7.4"]
[White "Albrecht, Norbert"]
[Black "Lieb, Harald"]
[Result "0-1"]
[WhiteElo "1856"]
[BlackElo "2182"]
[Annotator "br"]
[PlyCount "44"]
[EventDate "2012.??.??"]
[Source "FV Schach e.V."]
[SourceDate "2012.10.14"]
[WhiteTeam "Baubehoerde Hamburg"]
[BlackTeam "SV Senat Berlin"]
[WhiteTeamCountry "GER"]
[BlackTeamCountry "GER"]

1. e4 e6 2. d4 d5 3. Nc3 Nf6 4. e5 Nfd7 5. f4 c5 6. Nf3 Nc6 7. Be3 cxd4 8. Nxd4
Be7 9. Qg4 g6 10. O-O-O Nb6 11. h4 h5 12. Qf3 a5 13. Ncb5 a4 14. Nd6+ Bxd6 15.
exd6 a3 16. Nb5 axb2+ 17. Kb1 Na4 18. Nc7+ Kf8 19. Nxa8 Nc3+ 20. Kxb2 Qa5 21.
Bd2 Qxa2+ 22. Kxc3 Qa3# 0-1

[Event "XII. DBMM Schach"]
[Site "Berlin"]
[Date "2012.10.14"]
[Round "7.1"]
[White "Schulz, Stefanie"]
[Black "Bruedigam, Martin"]
[Result "0-1"]
[WhiteElo "2044"]
[BlackElo "2419"]
[Annotator "br"]
[PlyCount "60"]
[EventDate "2012.??.??"]
[Source "FV Schach e.V."]
[SourceDate "2012.10.14"]
[WhiteTeam "SV OSRAM Berlin"]
[BlackTeam "SG Bund Berlin"]
[WhiteTeamCountry "GER"]
[BlackTeamCountry "GER"]

1. e4 e5 2. Nf3 Nc6 3. Bc4 Bc5 4. c3 Nf6 5. d4 exd4 6. cxd4 Bb4+ 7. Bd2 Bxd2+
8. Nbxd2 d5 9. exd5 Nxd5 10. O-O O-O 11. Bd3 Nf4 12. Nb3 Be6 13. Nc5 Nxd4 14.
Be4 Nxf3+ 15. Qxf3 Nh3+ 16. gxh3 Qg5+ 17. Kh1 Qxc5 18. Rg1 g6 19. Rac1 Qe5 20.
b4 c6 21. Rc5 Qd4 22. a3 Rad8 23. h4 f5 24. Bxf5 Bd5 25. Rxd5 Qxd5 26. Qxd5+
cxd5 27. Be6+ Kg7 28. Kg2 Rfe8 29. Bg4 d4 30. Rc1 Re7 0-1

[Event "XII. DBMM Schach"]
[Site "Berlin"]
[Date "2012.10.14"]
[Round "7.2"]
[White "Schnabel, Ralf"]
[Black "Hintze, Peter"]
[Result "1/2-1/2"]
[WhiteElo "2226"]
[BlackElo "2076"]
[Annotator "br"]
[PlyCount "51"]
[EventDate "2012.??.??"]
[Source "FV Schach e.V."]
[SourceDate "2012.10.14"]
[WhiteTeam "SG Bund Berlin"]
[BlackTeam "SV OSRAM Berlin"]
[WhiteTeamCountry "GER"]
[BlackTeamCountry "GER"]

1. e4 c5 2. Nf3 d6 3. d4 cxd4 4. Nxd4 Nf6 5. Nc3 g6 6. Be2 Bg7 7. O-O O-O 8.
Bg5 Nc6 9. Nb3 Be6 10. Kh1 a6 11. f4 b5 12. Bf3 Rc8 13. Nd5 Bxd5 14. exd5 Na5
15. c3 Qb6 16. Nxa5 Qxa5 17. a3 Qb6 18. Re1 Rc7 19. Qd2 a5 20. Re2 Rb8 21. h3
Kf8 22. Bh4 Ng8 23. Bf2 Qb7 24. Kh2 Rc4 25. Be1 Bh6 26. Re4 1/2-1/2

[Event "XII. DBMM Schach"]
[Site "Berlin"]
[Date "2012.10.14"]
[Round "7.3"]
[White "Rath, Alina"]
[Black "Tyrtania, Maximilian"]
[Result "1/2-1/2"]
[WhiteElo "2023"]
[BlackElo "2251"]
[Annotator "br"]
[PlyCount "179"]
[EventDate "2012.??.??"]
[Source "FV Schach e.V."]
[SourceDate "2012.10.14"]
[WhiteTeam "SV OSRAM Berlin"]
[BlackTeam "SG Bund Berlin"]
[WhiteTeamCountry "GER"]
[BlackTeamCountry "GER"]

1. c4 g6 2. Nc3 Bg7 3. g3 c5 4. Bg2 Nc6 5. e4 d6 6. Nge2 a6 7. O-O Rb8 8. a4 e6
9. d3 Nge7 10. Rb1 O-O 11. Be3 Nd4 12. b4 b6 13. b5 axb5 14. axb5 Bb7 15. Qc1
Re8 16. Bf4 Ra8 17. Rd1 Qc7 18. Nxd4 Bxd4 19. Ne2 Bg7 20. Rf1 Ra7 21. Nc3 Rea8
22. Qc2 Qd7 23. Bg5 h6 24. Bf4 d5 25. Rfd1 d4 26. Ne2 e5 27. Bd2 Kh7 28. Rf1 f5
29. f3 Nc8 30. Bh3 Nd6 31. Nc1 Qe7 32. Rb2 Bc8 33. Bg2 Bf6 34. Re1 fxe4 35.
fxe4 Bg5 36. Rf1 Be6 37. Nb3 Kg7 38. Qc1 Ra3 39. Bxg5 Qxg5 40. Qxg5 hxg5 41.
Rc1 R8a4 42. Bf1 Rb4 43. Rcb1 Rba4 44. Rc1 Ra8 45. Rcc2 Kf6 46. Nd2 Ra1 47. Nb3
R1a3 48. Nd2 g4 49. Nb3 Nf7 50. Rf2+ Ke7 51. Be2 Ng5 52. Kg2 R8a4 53. Bd1 Rb4
54. Rb1 Nf3 55. Kf1 Ng5 56. Rfb2 Kd6 57. Kg2 Ra8 58. Rf2 Nh3 59. Rfb2 Rba4 60.
Be2 Rf8 61. Rf1 Rxf1 62. Bxf1 Ng5 63. Be2 Ra3 64. Kf2 Nf3 65. Bxf3 gxf3 66.
Kxf3 Ra8 67. Kg2 g5 68. h3 Ra3 69. g4 Ke7 70. Kf1 Ra8 71. Nc1 Ra1 72. Rc2 Kd6
73. Ke1 Ra7 74. Rf2 Rh7 75. Rf3 Ke7 76. Kd2 Rh8 77. Kc2 Rh7 78. Ne2 Kd6 79. Ng3
Kd7 80. Nf5 Rh8 81. Kd2 Ra8 82. Ke2 Ra2+ 83. Kf1 Rd2 84. Ng3 Ke7 85. Ke1 Ra2
86. Rf2 Ra1+ 87. Ke2 Rg1 88. Nf5+ Kd7 89. Rf3 Rg2+ 90. Kf1 1/2-1/2

[Event "XII. DBMM Schach"]
[Site "Berlin"]
[Date "2012.10.14"]
[Round "7.4"]
[White "Haseloff, Harald"]
[Black "Rath, Oliver"]
[Result "1/2-1/2"]
[WhiteElo "2145"]
[BlackElo "1939"]
[Annotator "br"]
[PlyCount "33"]
[EventDate "2012.??.??"]
[Source "FV Schach e.V."]
[SourceDate "2012.10.14"]
[WhiteTeam "SG Bund Berlin"]
[BlackTeam "SV OSRAM Berlin"]
[WhiteTeamCountry "GER"]
[BlackTeamCountry "GER"]

1. e4 c5 2. c4 Nc6 3. g3 g6 4. Bg2 Bg7 5. Ne2 d6 6. Nbc3 e5 7. d3 Nge7 8. a3
O-O 9. Rb1 Rb8 10. b4 b6 11. O-O Be6 12. h3 f5 13. Nd5 Qd7 14. Kh2 Bxd5 15.
cxd5 Nd4 16. Nxd4 exd4 17. b5 1/2-1/2

[Event "XII. DBMM Schach"]
[Site "Berlin"]
[Date "2012.10.14"]
[Round "7.2"]
[White "Domingo, Miguel"]
[Black "Bach, Matthias"]
[Result "1/2-1/2"]
[WhiteElo "2184"]
[BlackElo "2263"]
[Annotator "br"]
[PlyCount "84"]
[EventDate "2012.??.??"]
[Source "FV Schach e.V."]
[SourceDate "2012.10.14"]
[WhiteTeam "Europ. Patentamt MUC"]
[BlackTeam "R+V Vers. Wiesbaden"]
[WhiteTeamCountry "GER"]
[BlackTeamCountry "GER"]

1. c4 d6 2. g3 Nd7 3. Bg2 e6 4. Nc3 Be7 5. d4 h5 6. h4 Nh6 7. e4 e5 8. d5 g6 9.
Nh3 a5 10. f3 f5 11. Ng5 Nc5 12. Be3 Nf7 13. Nxf7 Kxf7 14. f4 exf4 15. Bxf4 Bf6
16. O-O Kg7 17. Be3 Qe7 18. Bd4 Bd7 19. exf5 Bxf5 20. Bh3 Bxd4+ 21. Qxd4+ Qf6
22. Qxf6+ Kxf6 23. Bxf5 gxf5 24. Rf3 Rae8 25. Raf1 Re5 26. Nb5 Rf8 27. Nxc7 Ne4
28. Ne6 Rg8 29. Rd1 Nxg3 30. Kh2 Ne4 31. Nd4 Rg4 32. Kh3 Nc5 33. b3 f4 34. Nb5
Ne4 35. Rdf1 Rf5 36. Re1 Nd2 37. Rd3 f3 38. Rxd2 Rff4 39. Rf2 Rxh4+ 40. Kg3
Rhg4+ 41. Kh3 Rh4+ 42. Kg3 Rhg4+ 1/2-1/2

[Event "XII. DBMM Schach"]
[Site "Berlin"]
[Date "2012.10.14"]
[Round "7.3"]
[White "Werner, Gregor"]
[Black "Heer, Stephan"]
[Result "1/2-1/2"]
[WhiteElo "2172"]
[BlackElo "2054"]
[Annotator "br"]
[PlyCount "40"]
[EventDate "2012.??.??"]
[Source "FV Schach e.V."]
[SourceDate "2012.10.14"]
[WhiteTeam "R+V Vers. Wiesbaden"]
[BlackTeam "Europ. Patentamt MUC"]
[WhiteTeamCountry "GER"]
[BlackTeamCountry "GER"]

1. d4 c5 2. d5 e5 3. e4 d6 4. Nf3 Be7 5. c4 Nf6 6. Nc3 O-O 7. Bd3 Nbd7 8. O-O
Ne8 9. a3 g6 10. Qc2 Ng7 11. Bh6 Nf6 12. b4 b6 13. Rab1 Ng4 14. Bd2 f5 15. bxc5
bxc5 16. Rb2 Nf6 17. Rfb1 fxe4 18. Nxe4 Nxe4 19. Bxe4 Nf5 20. Rb8 Rxb8 1/2-1/2

[Event "XII. DBMM Schach"]
[Site "Berlin"]
[Date "2012.10.14"]
[Round "7.4"]
[White "Jachs, Walter"]
[Black "Schmitt, Carsten"]
[Result "1/2-1/2"]
[WhiteElo "2066"]
[BlackElo "2001"]
[Annotator "br"]
[PlyCount "23"]
[EventDate "2012.??.??"]
[Source "FV Schach e.V."]
[SourceDate "2012.10.14"]
[WhiteTeam "Europ. Patentamt MUC"]
[BlackTeam "R+V Vers. Wiesbaden"]
[WhiteTeamCountry "GER"]
[BlackTeamCountry "GER"]

1. e4 c5 2. c3 Nf6 3. e5 Nd5 4. Nf3 Nc6 5. d4 cxd4 6. cxd4 d6 7. Bc4 e6 8. O-O
Be7 9. Qe2 O-O 10. Nc3 Nxc3 11. bxc3 dxe5 12. Nxe5 1/2-1/2

[Event "XII. DBMM Schach"]
[Site "Berlin"]
[Date "2012.10.14"]
[Round "7.2"]
[White "Beltz, Robert"]
[Black "Hoffbauer, Joerg"]
[Result "1-0"]
[WhiteElo "2105"]
[BlackElo "1744"]
[Annotator "br"]
[PlyCount "71"]
[EventDate "2012.??.??"]
[Source "FV Schach e.V."]
[SourceDate "2012.10.14"]
[WhiteTeam "Emco GmbH Leipzig"]
[BlackTeam "SG Bund Berlin II"]
[WhiteTeamCountry "GER"]
[BlackTeamCountry "GER"]

1. Nf3 c5 2. c4 Nf6 3. Nc3 g6 4. d4 cxd4 5. Nxd4 d5 6. Bg5 Ne4 7. Nxe4 dxe4 8.
Nb5 Bd7 9. Qd4 f6 10. O-O-O Nc6 11. Qxe4 Kf7 12. Bf4 e5 13. Bg3 a6 14. Nc3 Qc8
15. e3 Bf5 16. Qd5+ Be6 17. Qd2 Bb4 18. Be2 b5 19. a3 Be7 20. Nd5 Rd8 21. e4
bxc4 22. Bxc4 Nd4 23. Qc3 Bc5 24. f4 Bxd5 25. exd5 Rxd5 26. Bxd5+ Ke7 27. Rhe1
Nb5 28. Qc4 Ra7 29. fxe5 Nxa3 30. bxa3 Bxa3+ 31. Kc2 Qf5+ 32. Be4 Qg5 33. exf6+
Qxf6 34. Bc6+ Kf8 35. Rd8+ Kg7 36. Be5 1-0

[Event "XII. DBMM Schach"]
[Site "Berlin"]
[Date "2012.10.14"]
[Round "7.3"]
[White "Roth, Joachim"]
[Black "Beltz, Martina"]
[Result "0-1"]
[WhiteElo "1823"]
[BlackElo "2097"]
[Annotator "br"]
[PlyCount "52"]
[EventDate "2012.??.??"]
[Source "FV Schach e.V."]
[SourceDate "2012.10.14"]
[WhiteTeam "SG Bund Berlin II"]
[BlackTeam "Emco GmbH Leipzig"]
[WhiteTeamCountry "GER"]
[BlackTeamCountry "GER"]

1. c4 f5 2. g3 Nf6 3. Bg2 e6 4. Nf3 d5 5. O-O Bd6 6. d3 O-O 7. Nc3 c6 8. Qc2
Qe8 9. e4 fxe4 10. dxe4 Qh5 11. h3 e5 12. cxd5 Bxh3 13. Ng5 Bd7 14. f3 Bc5+ 15.
Rf2 Na6 16. Nd1 cxd5 17. exd5 Rac8 18. Qb3 Bxf2+ 19. Nxf2 Rxc1+ 20. Rxc1 Qxg5
21. Rd1 Qxg3 22. d6+ Kh8 23. Qxb7 Nc5 24. Qxa7 Ne6 25. Nh1 Qg5 26. Qf2 Nf4 0-1

[Event "XII. DBMM Schach"]
[Site "Berlin"]
[Date "2012.10.14"]
[Round "7.1"]
[White "Heerde, Thomas"]
[Black "Feikes, Joerg"]
[Result "0-1"]
[WhiteElo "1965"]
[BlackElo "1949"]
[Annotator "br"]
[PlyCount "98"]
[EventDate "2012.??.??"]
[Source "FV Schach e.V."]
[SourceDate "2012.10.14"]
[WhiteTeam "SV Senat Berlin III"]
[BlackTeam "BA Berlin Tempelhof"]
[WhiteTeamCountry "GER"]
[BlackTeamCountry "GER"]

1. Nf3 d5 2. g3 c5 3. Bg2 Nc6 4. O-O e5 5. d3 Be7 6. Nbd2 g5 7. e4 d4 8. Nc4 f6
9. Ne1 g4 10. f4 gxf3 11. Bxf3 Kd7 12. c3 Kc7 13. Nc2 Bh3 14. Rf2 h5 15. Bxh5
Nh6 16. cxd4 cxd4 17. Bd2 Qd7 18. b4 Ng4 19. Bxg4 Bxg4 20. Qc1 b5 21. Na5 Nxa5
22. bxa5 Rac8 23. a4 Kd8 24. a6 Ke8 25. Qb2 bxa4 26. Bb4 Be6 27. Bxe7 Kxe7 28.
Qb4+ Kf7 29. Raf1 Rh6 30. Qd2 Rg6 31. Qe2 Bg4 32. Qd2 Be6 33. Qe2 Bg4 34. Qd2
Be6 35. Nb4 Qb5 36. Kh1 Rc3 37. Rb1 Bb3 38. Nd5 Rxd3 39. Qe2 Rd1+ 40. Rxd1 Qxe2
41. Rxe2 Bxd1 42. Rf2 Bb3 43. Nb4 Rg4 44. Re2 a3 45. Kg2 d3 46. Nxd3 Rxe4 47.
Rf2 a2 48. Rf1 Bc4 49. Ra1 Re2+ 0-1

[Event "XII. DBMM Schach"]
[Site "Berlin"]
[Date "2012.10.14"]
[Round "7.2"]
[White "Koerlin, Hans Juergen"]
[Black "Hahlbohm, Matthias"]
[Result "0-1"]
[WhiteElo "1864"]
[BlackElo "2002"]
[Annotator "br"]
[PlyCount "56"]
[EventDate "2012.??.??"]
[Source "FV Schach e.V."]
[SourceDate "2012.10.14"]
[WhiteTeam "BA Berlin Tempelhof"]
[BlackTeam "SV Senat Berlin III"]
[WhiteTeamCountry "GER"]
[BlackTeamCountry "GER"]

1. e4 c5 2. Nc3 d6 3. f4 Nc6 4. Nf3 e6 5. Bc4 Be7 6. O-O a6 7. a4 Qc7 8. f5 Nf6
9. d3 h6 10. Qe1 Bd7 11. Qg3 O-O-O 12. Bd2 g5 13. fxg6 fxg6 14. Na2 g5 15. b4
d5 16. Qxc7+ Kxc7 17. Bb3 cxb4 18. exd5 Nxd5 19. Bxd5 exd5 20. Rae1 Bc5+ 21.
Kh1 Rde8 22. c3 Rxe1 23. Rxe1 bxc3 24. Nxc3 Nb4 25. d4 Bd6 26. Rc1 Kb8 27. a5
Re8 28. Kg1 Bc7 {ZU.} 0-1

[Event "XII. DBMM Schach"]
[Site "Berlin"]
[Date "2012.10.14"]
[Round "7.3"]
[White "Bolk, Matthias"]
[Black "Mueller, Stefan"]
[Result "1-0"]
[WhiteElo "2045"]
[BlackElo "1863"]
[Annotator "br"]
[PlyCount "83"]
[EventDate "2012.??.??"]
[Source "FV Schach e.V."]
[SourceDate "2012.10.14"]
[WhiteTeam "SV Senat Berlin III"]
[BlackTeam "BA Berlin Tempelhof"]
[WhiteTeamCountry "GER"]
[BlackTeamCountry "GER"]

1. e4 d5 2. exd5 Qxd5 3. Nc3 Qa5 4. d4 c6 5. Bc4 Nf6 6. Nf3 Bg4 7. h3 Bh5 8.
Bd2 Qc7 9. Qe2 e6 10. O-O-O Nbd7 11. g4 Bg6 12. h4 Nxg4 13. Bxe6 fxe6 14. Qxe6+
Be7 15. Qxg4 Nf6 16. Qe6 Bf7 17. Qe5 O-O-O 18. Ng5 Bd6 19. Qf5+ Kb8 20. Nxf7
Qxf7 21. Rhg1 g6 22. Qa5 Rd7 23. Be3 Bc7 24. Qa3 Nd5 25. Nxd5 Rxd5 26. Rg5 Re8
27. Rxd5 Qxd5 28. Qb3 Re4 29. Qxd5 cxd5 30. Rh1 Bf4 31. Rh3 Bd6 32. h5 g5 33.
Kd2 Bf4 34. Kd3 h6 35. c4 g4 36. Rh4 Bg5 37. Bxg5 hxg5 38. Rh2 Rf4 39. cxd5
Rf3+ 40. Ke4 Rf4+ 41. Ke5 Rf3 42. h6 1-0

[Event "XII. DBMM Schach"]
[Site "Berlin"]
[Date "2012.10.14"]
[Round "7.4"]
[White "Baranowsky, Peter"]
[Black "Kiesewetter, Peter"]
[Result "1-0"]
[WhiteElo "1886"]
[BlackElo "1849"]
[Annotator "br"]
[PlyCount "49"]
[EventDate "2012.??.??"]
[Source "FV Schach e.V."]
[SourceDate "2012.10.14"]
[WhiteTeam "BA Berlin Tempelhof"]
[BlackTeam "SV Senat Berlin III"]
[WhiteTeamCountry "GER"]
[BlackTeamCountry "GER"]

1. c4 Nf6 2. g3 d5 3. cxd5 Nxd5 4. Nc3 c5 5. Bg2 e6 6. Nxd5 exd5 7. Qb3 d4 8.
Bxb7 Bxb7 9. Qxb7 Nd7 10. d3 Bd6 11. Qe4+ Be7 12. Bg5 f6 13. Bf4 O-O 14. Nh3
Re8 15. O-O Bd6 16. Qd5+ Kh8 17. Qxd6 Rxe2 18. Rfe1 Rxb2 19. Re7 Ne5 20. Bxe5
fxe5 21. Qxe5 Qf8 22. Nf4 Rab8 23. Re1 Rb1 24. Rxb1 Rxb1+ 25. Kg2 1-0

[Event "XII. DBMM Schach"]
[Site "Berlin"]
[Date "2012.10.14"]
[Round "7.1"]
[White "Mueller, Ralf"]
[Black "Zahn, Juergen"]
[Result "1-0"]
[WhiteElo "2412"]
[BlackElo "1892"]
[Annotator "br"]
[PlyCount "39"]
[EventDate "2012.??.??"]
[Source "FV Schach e.V."]
[SourceDate "2012.10.14"]
[WhiteTeam "SG Stern Stuttgart"]
[BlackTeam "Deutsche Bahn/BSW Berlin"]
[WhiteTeamCountry "GER"]
[BlackTeamCountry "GER"]

1. d4 Nf6 2. Nf3 g6 3. c4 Bg7 4. Nc3 O-O 5. e4 d6 6. Be2 Nfd7 7. Be3 c5 8. Qd2
cxd4 9. Nxd4 Nc6 10. Nb3 b6 11. h4 Ba6 12. h5 Nce5 13. Bh6 Nf6 14. hxg6 fxg6
15. Bxg7 Kxg7 16. Qh6+ Kg8 17. f4 Nf7 18. Qh4 Rc8 19. g4 Bxc4 20. g5 1-0

[Event "XII. DBMM Schach"]
[Site "Berlin"]
[Date "2012.10.14"]
[Round "7.2"]
[White "Rollwitz, Juergen"]
[Black "Sokratov, Stanislav"]
[Result "0-1"]
[WhiteElo "1841"]
[BlackElo "2173"]
[Annotator "br"]
[PlyCount "128"]
[EventDate "2012.??.??"]
[Source "FV Schach e.V."]
[SourceDate "2012.10.14"]
[WhiteTeam "Deutsche Bahn/BSW Berlin"]
[BlackTeam "SG Stern Stuttgart"]
[WhiteTeamCountry "GER"]
[BlackTeamCountry "GER"]

1. e4 c6 2. Nc3 d5 3. d4 dxe4 4. Nxe4 Bf5 5. Ng3 Bg6 6. Nf3 Nd7 7. Bd3 Bxd3 8.
Qxd3 e6 9. c3 Ngf6 10. Bg5 Be7 11. Ne4 Nxe4 12. Bxe7 Nxf2 13. Qe2 Qxe7 14. Qxf2
O-O 15. g4 f5 16. g5 e5 17. O-O-O e4 18. Rhe1 Qf7 19. g6 Qxg6 20. Rg1 Qh6+ 21.
Ng5 Rae8 22. Rde1 Qf6 23. Qf4 h6 24. Nh3 Nb6 25. Qf2 f4 26. Rg4 Nd5 27. Reg1 g5
28. Nxg5 hxg5 29. Rxg5+ Kf7 30. Qh4 Rh8 31. Qg4 Ne7 32. Rg7+ Kf8 33. Rg5 Rxh2
34. Re5 Rh4 35. Qd7 Rh7 36. Re6 Qf5 37. b3 f3 38. Qd6 Rf7 39. Rh6 Qf4+ 40. Kd1
Qxd6 41. Rh8+ Ng8 42. Rgxg8+ Ke7 43. Rxe8+ Kd7 44. Rd8+ Kc7 45. Rxd6 Kxd6 46.
Rh1 e3 47. c4 Rf4 48. Ke1 Rxd4 49. Rh6+ Kc5 50. Rf6 f2+ 51. Ke2 Re4 52. Rf7 Re5
53. Rd7 Rf5 54. Rd1 f1=Q+ 55. Rxf1 Rxf1 56. Kxf1 Kd4 57. Ke2 c5 58. Ke1 Kd3 59.
Kd1 b6 60. Ke1 a6 61. Kd1 e2+ 62. Ke1 a5 63. a3 Ke3 64. a4 Kd3 0-1

[Event "XII. DBMM Schach"]
[Site "Berlin"]
[Date "2012.10.14"]
[Round "7.3"]
[White "Kraemer, Sigfried"]
[Black "Maetzing, Hans Dieter"]
[Result "1/2-1/2"]
[WhiteElo "2146"]
[BlackElo "1830"]
[Annotator "br"]
[PlyCount "56"]
[EventDate "2012.??.??"]
[Source "FV Schach e.V."]
[SourceDate "2012.10.14"]
[WhiteTeam "SG Stern Stuttgart"]
[BlackTeam "Deutsche Bahn/BSW Berlin"]
[WhiteTeamCountry "GER"]
[BlackTeamCountry "GER"]

1. d4 Nc6 2. c4 e5 3. d5 Nce7 4. e4 Nf6 5. Nc3 Ng6 6. Bd3 Bc5 7. Nf3 O-O 8. O-O
h6 9. Na4 Be7 10. Ne1 d6 11. Bd2 Nh7 12. Rc1 Bg5 13. c5 Bxd2 14. Qxd2 Nf4 15.
cxd6 cxd6 16. Nc3 Qg5 17. Kh1 a6 18. Ne2 Nxd3 19. Qxd3 f5 20. Nf3 Qg4 21. Ng3
fxe4 22. Qxe4 Rf4 23. Qe3 Nf6 24. Rfd1 Rc4 25. Qb3 Rxc1 26. Rxc1 Ne4 27. Kg1
Nc5 28. Qb6 Qf4 1/2-1/2